000 00334 a2200109 4500
001 ART_8109
005 20260410161639.0
008 260409a
245 1 0 _aCanje de duda pública. Fideicomisos financieros
100 1 _aCalcagno, Gabriel A
773 0 _tConsultor tributario
_g- Vol. 3, Nº 27 (may. 2009)
_wREV474
999 _c13178
_d13178